La mascota /
Guardado en:
| Autor Principal: | |
|---|---|
| Otros Autores: | |
| Formato: | Libro |
| Publicado: |
Buenos Aires :
Sm,
2018.
|
| Series: | El Barco de Vapor. + 9 Años / Cecilia Repetti
|
| Materias: | |
| Etiquetas: |
Agregar Etiqueta
Sin Etiquetas, Sea el primero en etiquetar este registro!
|
| LEADER | 00711nam a22002415a 4500 | ||
|---|---|---|---|
| 001 | CEM.cems019050 | ||
| 008 | 220422s2018##################000#0#####d | ||
| 005 | 20220425163226.0 | ||
| 003 | CEMS | ||
| 245 | 1 | 0 | |a La mascota / |c Victoria Bayona; ilustrado por Tony Ganem. |
| 260 | |a Buenos Aires : |b Sm, |c 2018. | ||
| 300 | |a 160 p. | ||
| 490 | 0 | |a El Barco de Vapor. + 9 Años / Cecilia Repetti | |
| 020 | |a 9789877317183 | ||
| 100 | 1 | |a Bayona, Victoria. | |
| 700 | 1 | |a Ganem, Tony; il. | |
| 082 | 0 | 4 | |a A863.4 |
| 653 | |a Literatura | ||
| 653 | |a Literatura argentina | ||
| 653 | |a Literatura infantil | ||
| 653 | |a Novelas infantiles | ||
| 653 | |a Novela | ||
| 859 | |a CEMS |b BIB. CEMS - 11 de abril |h A863.4 |i B345-1 |p 29298.22 |t Ej. 1 | ||
